Biblioteca

Cambios de la teología, mutaciones socio-eclesiales (Registro nro. 49936)

Detalles MARC
000 -LÍDER
Campo fijo de descripción fija 01018aab a2200193 i 4500
001 - NÚMERO DE CONTROL
Campo de control 768714001
003 - IDENTIFICADOR DEL NÚMERO DE CONTROL
Campo de control CO-MdFUSB
005 - FECHA Y HORA DE LA ULTIMA TRANSACCIÓN
control field 20221103154542.0
008 - ELEMENTOS DE LONGITUD FIJA -- INFORMACIÓN GENERAL
Campo fijo de descripción fija -- Información general 221103s2002 sp ||||| |||| 00| 0 spa s
040 ## - FUENTE DE CATALOGACIÓN
Idioma de catalogación spa
Agencia que realiza la transcripción CO-MdFUSB
Agencia que realiza la modificación CO-MdFUSB
041 ## - CÓDIGO DE IDIOMA
Código de idioma para texto/pista de sonido o título separado spa
100 1# - ASIENTO PRINCIPAL--NOMBRE PERSONAL
Nombre personal Palacio, Carlos
Término relacionador autor
245 10 - TÍTULO
Título Cambios de la teología, mutaciones socio-eclesiales
Subtitulo : caminos recientes de la teología en Brasil
Mención de responsabilidad / Carlos Palacio
300 ## - DESCRIPCIÓN FÍSICA
Extensión Número 296, (Junio 2002), páginas 83 - 90
Dimensiones ; 21 cm.
520 ## - NOTA DE RESUMEN, ETC.
Nota de sumario, etc. Hablar de la teología en Brasil en un espacio tan reducido y sin mayores especificaciones es un riego que solamente puede asumirse dentro de la propuesta original de este número de la Revista Concilium dedicado a Brasil: dar noticia de este país para conocer su vitalidad humana y religiosa. ¿Qué significa eso en el caso de la teología?
650 #7 - ASIENTO SECUNDARIO DE MATERIA - TERMINO TEMÁTICO
9 (RLIN) 7103
Término temático o nombre geográfico como elemento de entrada Tradición (Teología)
773 0# - ASIENTO DE ITEM FUENTE
Título Concilium
Biblionumber 49450
Itemnumber 60416
Parte(s) relacionada(s) / Volumen., número. (mes año), páginas Número 296, (Junio 2002), páginas 83 - 90
Enumeración y primera página páginas 83 - 90
942 ## - TIPO DE MATERIAL (KOHA)
Tipo de Item KOHA Artículos de Revista

No hay ítems disponibles.

Biblioteca FUSBC | Teléfono: (57+4) 349 88 10 Ext. 141| WhatsApp (+57) 3005338115 
E-mail: biblioteca@unisbc.edu.co | Calle 76 87-14 Robledo Palenque, Medellín, Colombia

Con tecnología Koha